[Event "Prague Summer op-A 8th"]
[Site "Prague"]
[Date "2021.08.08"]
[Round "3"]
[White "Wolf, Walter"]
[Black "Kusa, Jakub"]
[Result "0-1"]
[WhiteElo "2098"]
[BlackElo "2280"]
[PlyCount "110"]
[EventDate "2021.08.06"]
[EventType "swiss"]
[EventRounds "9"]
[EventCountry "CZE"]
[SourceTitle "CBM 203 Extra"]
[Source "ChessBase"]
[SourceDate "2021.09.30"]
[SourceVersion "1"]
[SourceVersionDate "2021.09.30"]
[SourceQuality "1"]

1. b3 Nf6 2. Bb2 g6 3. c4 Bg7 4. g3 0-0 5. Bg2 c6 6. e4 d6 7. d4 e5 8. dxe5 Ng4 9. Nc3 Nxe5 10. Qd2 Na6 11. f4 Ng4 12. h3 Nf6 13. 0-0-0 Be6 14. g4 Ne8 15. Nf3 Qa5 16. Nd4 Bd7 17. Kb1 Nc5 18. Nc2 Qb6 19. b4 Na6 20. Na4 Qc7 21. Bxg7 Kxg7 22. e5 d5 23. cxd5 cxd5 24. Nc3 Be6 25. Bxd5 Rc8 26. Bxe6 fxe6 27. Nb5 Qc4 28. Nbd4 Nec7 29. a3 Nd5 30. Nxe6+ Kh8 31. Ncd4 Nc3+ 32. Ka1 Rfe8 33. Rc1 Qd5 34. f5 gxf5 35. gxf5 Ne4 36. Qg2 Rxc1+ 37. Rxc1 Qxe5 38. Rg1 Nc7 39. Qb2 Nxe6 40. Nxe6 Qxb2+ 41. Kxb2 Nd6 42. Nd4 Re4 43. Rd1 Kg8 44. Kc3 Kf7 45. a4 Kf6 46. Rd3 h5 47. Rg3 Rxd4 48. Kxd4 Nxf5+ 49. Kd5 Nxg3 50. Kd6 Ne4+ 51. Kc7 b6 52. Kb7 Nc3 53. a5 bxa5 54. bxa5 Nb5 55. Ka6 Nd4 0-1

[Event "Penang op 11th"]
[Site "Penang"]
[Date "2019.12.14"]
[Round "9"]
[White "Singgih, Diajeng Theresa"]
[Black "Wolf, Walter"]
[Result "1/2-1/2"]
[WhiteElo "2089"]
[BlackElo "2107"]
[PlyCount "32"]
[EventDate "2019.12.09"]
[EventType "swiss"]
[EventRounds "9"]
[EventCountry "MAS"]
[SourceTitle "CBM 193 Extra"]
[Source "ChessBase"]
[SourceDate "2020.01.31"]
[SourceVersion "1"]
[SourceVersionDate "2020.01.31"]
[SourceQuality "1"]

1. e4 e5 2. Nf3 Nc6 3. Bb5 f5 4. 0-0 fxe4 5. Bxc6 dxc6 6. Nxe5 Nf6 7. Qe2 Bd6 8. d4 exd3 9. Nxd3+ Kf7 10. Nf4 Bxf4 11. Bxf4 Re8 12. Qf3 Qd5 13. Bxc7 Qxf3 14. gxf3 Bf5 15. Na3 Nd5 16. Bg3 Re2 1/2-1/2

[Event "Penang op 11th"]
[Site "Penang"]
[Date "2019.12.13"]
[Round "7"]
[White "Adarsh, Tripathi"]
[Black "Wolf, Walter"]
[Result "1-0"]
[WhiteElo "1954"]
[BlackElo "2107"]
[PlyCount "38"]
[EventDate "2019.12.09"]
[EventType "swiss"]
[EventRounds "9"]
[EventCountry "MAS"]
[SourceTitle "CBM 193 Extra"]
[Source "ChessBase"]
[SourceDate "2020.01.31"]
[SourceVersion "1"]
[SourceVersionDate "2020.01.31"]
[SourceQuality "1"]

1. d4 f5 2. Bg5 g6 3. Nc3 Bg7 4. e4 c5 5. dxc5 Bxc3+ 6. bxc3 fxe4 7. Qd4 Nf6 8. Bc4 Nc6 9. Qe3 e6 10. Ne2 0-0 11. 0-0 b6 12. f3 Ne5 13. Bb3 Bb7 14. f4 Nc6 15. f5 Ne5 16. fxe6 dxe6 17. Qd4 Nf3+ 18. gxf3 exf3 19. Ng3 Bd5 1-0

[Event "Penang op 11th"]
[Site "Penang"]
[Date "2019.12.12"]
[Round "6"]
[White "Wolf, Walter"]
[Black "Sammed Jaykumar, Shete"]
[Result "0-1"]
[WhiteElo "2107"]
[BlackElo "2380"]
[PlyCount "66"]
[EventDate "2019.12.09"]
[EventType "swiss"]
[EventRounds "9"]
[EventCountry "MAS"]
[SourceTitle "CBM 193 Extra"]
[Source "ChessBase"]
[SourceDate "2020.01.31"]
[SourceVersion "1"]
[SourceVersionDate "2020.01.31"]
[SourceQuality "1"]

1. e4 c5 2. Nf3 Nc6 3. Bb5 g6 4. 0-0 Bg7 5. Re1 e5 6. Bxc6 dxc6 7. d3 Qc7 8. Be3 b6 9. Nfd2 Nf6 10. Rf1 0-0 11. Nc3 Ng4 12. Qe2 f5 13. h3 Nf6 14. exf5 gxf5 15. f4 Bd7 16. fxe5 Qxe5 17. Qf3 Nd5 18. Nc4 Qe6 19. Bd2 Nb4 20. Rae1 Qg6 21. Qd1 Rae8 22. a3 Rxe1 23. Bxe1 Nd5 24. Qf3 Be6 25. Bd2 f4 26. Ne4 Ne3 27. Ne5 Bxe5 28. Bxe3 Bxb2 29. c3 c4 30. Bxf4 cxd3 31. Qe3 Bd5 32. Rf3 Qxe4 33. Rg3+ Kf7 0-1

[Event "Penang op 11th"]
[Site "Penang"]
[Date "2019.12.09"]
[Round "1"]
[White "Heng, Cho Yaw"]
[Black "Wolf, Walter"]
[Result "0-1"]
[WhiteElo "1479"]
[BlackElo "2107"]
[PlyCount "86"]
[EventDate "2019.12.09"]
[EventType "swiss"]
[EventRounds "9"]
[EventCountry "MAS"]
[SourceTitle "CBM 193 Extra"]
[Source "ChessBase"]
[SourceDate "2020.01.31"]
[SourceVersion "1"]
[SourceVersionDate "2020.01.31"]
[SourceQuality "1"]

1. e4 e5 2. Nf3 Nc6 3. Bc4 Nf6 4. d4 exd4 5. 0-0 Nxe4 6. Re1 d5 7. Bxd5 Qxd5 8. Nc3 Qh5 9. Nxe4 Be6 10. Bg5 Bd6 11. Nxd6+ cxd6 12. Bf4 Qd5 13. Qd3 0-0 14. Rad1 Bf5 15. Qb3 Qc5 16. Rd2 Rfe8 17. Rde2 Rxe2 18. Rxe2 b5 19. Ng5 Bg6 20. Ne4 Bxe4 21. Rxe4 Qf5 22. Qf3 d5 23. Re2 d3 24. Rd2 Re8 25. Kf1 Qe6 26. Qe3 dxc2 27. Rxc2 Nb4 28. Rc7 Nd3 29. Qxe6 fxe6 30. Be3 e5 31. Rxa7 d4 32. Bd2 Nxb2 33. Rb7 Nc4 34. Bb4 Ra8 35. a3 Nxa3 36. Bxa3 Rxa3 37. Rxb5 e4 38. Re5 Ra1+ 39. Ke2 Ra2+ 40. Ke1 e3 41. fxe3 d3 42. Kf1 Ra1+ 43. Kf2 d2 0-1

[Event "GER-chT Seniors 26th"]
[Site "Templin"]
[Date "2017.09.30"]
[Round "6.2"]
[White "Wolf, Walter"]
[Black "Gehrmann, Rudolf Rainer"]
[Result "1-0"]
[WhiteElo "2110"]
[BlackElo "2096"]
[PlyCount "31"]
[EventDate "2017.09.25"]
[EventType "team-swiss"]
[EventRounds "7"]
[EventCountry "GER"]
[SourceTitle "EXT 2019"]
[Source "ChessBase"]
[SourceDate "2018.10.10"]
[SourceVersion "1"]
[SourceVersionDate "2018.10.10"]
[SourceQuality "1"]
[WhiteTeam "Wuerttemberg II"]
[BlackTeam "Schleswig Holstein II"]
[WhiteTeamCountry "GER"]
[BlackTeamCountry "GER"]

1. f4 d5 2. Nf3 Nf6 3. g3 g6 4. Bg2 Bg7 5. 0-0 0-0 6. d3 c5 7. Qe1 d4 8. e4 dxe3 9. Bxe3 Qc7 10. Nc3 a6 11. h3 b6 12. d4 cxd4 13. Bxd4 Bb7 14. Qe3 Nd5 15. Nxd5 Bxd5 16. Bxg7 1-0

[Event "Wuerttemberg-ch KT"]
[Site "Stuttgart"]
[Date "2017.08.31"]
[Round "6"]
[White "Wolf, Walter"]
[Black "Scholl, Martin"]
[Result "0-1"]
[WhiteElo "2110"]
[BlackElo "2030"]
[PlyCount "98"]
[EventDate "2017.08.26"]
[EventType "swiss"]
[EventRounds "7"]
[EventCountry "GER"]
[SourceTitle "EXT 2019"]
[Source "ChessBase"]
[SourceDate "2018.10.10"]
[SourceVersion "1"]
[SourceVersionDate "2018.10.10"]
[SourceQuality "1"]

1. e4 b6 2. d4 Bb7 3. Bd3 Nf6 4. f3 e6 5. Be3 d5 6. e5 Nfd7 7. f4 c5 8. c3 Nc6 9. Nf3 g6 10. 0-0 Be7 11. Nbd2 a6 12. b3 0-0 13. Rc1 cxd4 14. cxd4 Ba3 15. Ra1 Nb4 16. Be2 Rc8 17. Ne1 Qc7 18. Ndf3 Nb8 19. Qd2 Qc3 20. Qxc3 Rxc3 21. Bd2 Rc7 22. Nd3 Nxd3 23. Bxd3 Rfc8 24. Rab1 a5 25. b4 Ba6 26. Bxa6 Nxa6 27. bxa5 bxa5 28. Bxa5 Rc2 29. Rb6 Nc5 30. Rfb1 Ne4 31. Rb8 Rxb8 32. Rxb8+ Kg7 33. h4 Bc1 34. Bb4 Be3+ 35. Kh1 Rc1+ 36. Ne1 h6 37. g3 Bd2 38. Bxd2 Nxd2 39. Kg2 Rxe1 40. Rb2 Nc4 41. Rb3 Re2+ 42. Kh3 h5 43. g4 hxg4+ 44. Kxg4 Rxa2 45. h5 gxh5+ 46. Kxh5 Rg2 47. f5 exf5 48. Rf3 Rg4 49. Rxf5 Rxd4 0-1

[Event "GER-chT Seniors 24th"]
[Site "Berlin"]
[Date "2015.09.07"]
[Round "2.1"]
[White "Weidlich, Guenter"]
[Black "Wolf, Walter"]
[Result "1/2-1/2"]
[WhiteElo "2199"]
[BlackElo "2125"]
[PlyCount "80"]
[EventDate "2015.09.06"]
[EventType "team-swiss"]
[EventRounds "7"]
[EventCountry "GER"]
[SourceTitle "EXT 2018"]
[Source "ChessBase"]
[SourceDate "2017.10.13"]
[SourceVersion "1"]
[SourceVersionDate "2017.10.13"]
[SourceQuality "1"]

1. d4 g6 2. Nf3 Bg7 3. Bf4 f5 4. e3 Nf6 5. Bc4 d5 6. Be2 e6 7. c4 0-0 8. Nc3 c6 9. 0-0 Ne4 10. Be5 Bxe5 11. Nxe5 Nxc3 12. bxc3 Nd7 13. f4 Nxe5 14. fxe5 Bd7 15. Rb1 Qc7 16. Qb3 Rab8 17. a4 b6 18. Rfc1 Qd8 19. Rf1 Qg5 20. Rf4 Qh6 21. Rbf1 g5 22. R4f2 Kh8 23. Qb4 Rf7 24. Bd3 Rbf8 25. Qb1 Be8 26. a5 bxa5 27. c5 f4 28. exf4 Rxf4 29. Rxf4 gxf4 30. Qc1 Bg6 31. Bxg6 hxg6 32. Rf3 Kg7 33. Qa3 g5 34. h3 Qg6 35. Qxa5 Qb1+ 36. Rf1 Qb7 37. Ra1 Rf7 38. Rf1 Qb3 39. Qd8 Qxc3 40. Qxg5+ Kf8 1/2-1/2

[Event "GER-chT Seniors 23rd"]
[Site "Bergen"]
[Date "2014.09.01"]
[Round "1.4"]
[White "Wolf, Walter"]
[Black "Glatthor, Thomas"]
[Result "1-0"]
[WhiteElo "2170"]
[BlackElo "2078"]
[PlyCount "65"]
[EventDate "2014.09.01"]
[EventType "team-swiss"]
[EventRounds "7"]
[EventCountry "GER"]
[SourceTitle "EXT 2018"]
[Source "ChessBase"]
[SourceDate "2017.10.13"]
[SourceVersion "1"]
[SourceVersionDate "2017.10.13"]
[SourceQuality "1"]

1. b3 d6 2. Bb2 e5 3. e3 c5 4. d4 exd4 5. exd4 cxd4 6. Nf3 Nf6 7. Nxd4 Be7 8. Be2 0-0 9. Nd2 Nc6 10. 0-0 Nxd4 11. Bxd4 Bd7 12. Nc4 Be6 13. Ne3 Ne4 14. f3 Nc5 15. Qd2 Re8 16. Rad1 Bf8 17. Bb5 Nd7 18. f4 f5 19. Kh1 a6 20. Bd3 g6 21. Bb2 Nf6 22. Bc4 Ne4 23. Qd4 Qh4 24. Kg1 Qh6 25. Bd5 Bg7 26. Qxg7+ Qxg7 27. Bxg7 Kxg7 28. Bxe4 fxe4 29. Rxd6 Rad8 30. Rfd1 Rxd6 31. Rxd6 Kf7 32. Kf2 Ke7 33. Rd4 1-0

[Event "Wuerttemberg-ch Seniors op 26th"]
[Site "Freudenstadt"]
[Date "2014.07.21"]
[Round "6"]
[White "Wolf, Walter"]
[Black "Lang, Ferdinand"]
[Result "1-0"]
[WhiteElo "2211"]
[BlackElo "2089"]
[PlyCount "70"]
[EventDate "2014.07.16"]
[EventType "swiss"]
[EventRounds "9"]
[EventCountry "GER"]
[SourceTitle "EXT 2019"]
[Source "ChessBase"]
[SourceDate "2018.10.10"]
[SourceVersion "1"]
[SourceVersionDate "2018.10.10"]
[SourceQuality "1"]

1. f4 d5 2. g3 c5 3. Bg2 Nf6 4. Nf3 Nc6 5. 0-0 e6 6. d3 Bd6 7. c3 Qc7 8. Na3 a6 9. Qe1 b5 10. e4 dxe4 11. dxe4 e5 12. Nc2 0-0 13. f5 Bb7 14. Bg5 Be7 15. Ne3 Nb8 16. Bxf6 Bxf6 17. Ng4 Nd7 18. Rd1 Rad8 19. Qe2 Be7 20. b3 f6 21. h4 Bc6 22. h5 Nb8 23. Nh4 Rxd1 24. Rxd1 Rd8 25. Rxd8+ Qxd8 26. h6 Bf8 27. hxg7 Bxg7 28. Nf2 c4 29. Qe3 Bf8 30. Kh2 Nd7 31. bxc4 bxc4 32. Qe2 Bb5 33. a4 Qa5 34. axb5 axb5 35. Qd2 Qa7 1-0

[Event "Wuerttemberg-ch Seniors op 26th"]
[Site "Freudenstadt"]
[Date "2014.07.18"]
[Round "3"]
[White "Prill, Gerhard"]
[Black "Wolf, Walter"]
[Result "1/2-1/2"]
[WhiteElo "2026"]
[BlackElo "2211"]
[PlyCount "75"]
[EventDate "2014.07.16"]
[EventType "swiss"]
[EventRounds "9"]
[EventCountry "GER"]
[SourceTitle "EXT 2019"]
[Source "ChessBase"]
[SourceDate "2018.10.10"]
[SourceVersion "1"]
[SourceVersionDate "2018.10.10"]
[SourceQuality "1"]

1. e4 e5 2. Nf3 Nc6 3. Bc4 Nf6 4. Ng5 Bc5 5. d4 Bxd4 6. Nxf7 Qe7 7. Nxh8 Bxf2+ 8. Kf1 Bb6 9. Bf7+ Kd8 10. Bg5 Qf8 11. Bxf6+ gxf6 12. Qg4 Ne7 13. Qh5 Qxh8 14. Qh6 Nc6 15. c3 Bc5 16. Bg6 Qg8 17. Qxh7 Qc4+ 18. Ke1 Nd4 19. Qh8+ Ke7 20. Qg7+ Kd6 21. Qxf6+ Ne6 22. Qf1 Qa4 23. Nd2 b5 24. b3 Qa6 25. b4 Bb6 26. g3 c5 27. bxc5+ Nxc5 28. Qf6+ Kc7 29. Qxe5+ d6 30. Qe7+ Bd7 31. e5 dxe5 32. Qxe5+ Kb7 33. Kd1 Qa4+ 34. Kc1 Qa3+ 35. Kc2 b4 36. Nb3 Rc8 37. Rhb1 Ba4 38. c4 1/2-1/2

[Event "Baden-ch Seniors"]
[Site "Waldshut Tiengen"]
[Date "2014.06.17"]
[Round "5"]
[White "Wolf, Walter"]
[Black "Striebich, Rudolf"]
[Result "1-0"]
[WhiteElo "2200"]
[BlackElo "2183"]
[PlyCount "85"]
[EventDate "2014.06.14"]
[EventType "swiss"]
[EventRounds "9"]
[EventCountry "GER"]
[SourceTitle "EXT 2015"]
[Source "ChessBase"]
[SourceDate "2014.11.20"]
[SourceVersion "1"]
[SourceVersionDate "2014.11.20"]
[SourceQuality "1"]

1. f4 d5 2. g3 Nf6 3. Bg2 g6 4. Nf3 Bg7 5. 0-0 0-0 6. d3 c6 7. c3 Nbd7 8. Na3 Qc7 9. Qe1 e6 10. e4 Nc5 11. e5 Ng4 12. Qe2 h5 13. b4 Na4 14. Bd2 Bd7 15. h3 Nh6 16. c4 dxc4 17. Nxc4 Rfd8 18. Rac1 Nf5 19. Kh2 Be8 20. g4 hxg4 21. hxg4 Nh6 22. Ng5 Nb6 23. Nd6 Rxd6 24. exd6 Qxd6 25. Ne4 Qc7 26. Qf3 Nd5 27. Kg1 f5 28. gxf5 gxf5 29. Ng5 Bd4+ 30. Kh1 Ng4 31. Qh3 Qe7 32. Rce1 Bd7 33. Qh5 Nf2+ 34. Rxf2 Bxf2 35. Re2 Bd4 36. Bxd5 cxd5 37. Rg2 Bg7 38. Qh7+ Kf8 39. Qg6 Kg8 40. Bc3 d4 41. Bxd4 Bc6 42. Qh7+ Kf8 43. Bc5 1-0

[Event "Baden-ch Seniors"]
[Site "Waldshut Tiengen"]
[Date "2014.06.16"]
[Round "4"]
[White "Hurst, Peter"]
[Black "Wolf, Walter"]
[Result "0-1"]
[WhiteElo "2170"]
[BlackElo "2200"]
[PlyCount "56"]
[EventDate "2014.06.14"]
[EventType "swiss"]
[EventRounds "9"]
[EventCountry "GER"]
[SourceTitle "EXT 2015"]
[Source "ChessBase"]
[SourceDate "2014.11.20"]
[SourceVersion "1"]
[SourceVersionDate "2014.11.20"]
[SourceQuality "1"]

1. d4 f5 2. Bg5 g6 3. Nc3 Bg7 4. e4 fxe4 5. Nxe4 d5 6. Ng3 c5 7. Bb5+ Nc6 8. Bxc6+ bxc6 9. N1e2 cxd4 10. Nxd4 Qd6 11. 0-0 e5 12. Re1 h6 13. Bc1 Ne7 14. Nb3 0-0 15. c3 Qf6 16. Be3 g5 17. Nh5 Qf7 18. Nxg7 Qxg7 19. Bc5 Rf7 20. Bxe7 Rxe7 21. c4 Be6 22. Qe2 Bf7 23. Nd4 Qf6 24. cxd5 cxd5 25. Rac1 Rae8 26. Rc6 exd4 27. Rxf6 Rxe2 28. Rf1 d3 0-1

[Event "Monastir Slama Memorial op"]
[Site "Monastir"]
[Date "2013.09.13"]
[Round "7"]
[White "Miladinovic, Igor"]
[Black "Wolf, Walter"]
[Result "1-0"]
[WhiteElo "2572"]
[BlackElo "2226"]
[PlyCount "49"]
[EventDate "2013.09.09"]
[EventType "swiss"]
[EventRounds "9"]
[EventCountry "TUN"]
[SourceTitle "CBM 156 Extra"]
[Source "ChessBase"]
[SourceDate "2013.10.22"]
[SourceVersion "1"]
[SourceVersionDate "2013.10.22"]
[SourceQuality "1"]

1. d4 g6 2. e4 Bg7 3. Nc3 d6 4. Be3 Nd7 5. Qd2 e5 6. Nge2 Ne7 7. Bh6 0-0 8. h4 f5 9. Bxg7 Kxg7 10. h5 f4 11. hxg6 hxg6 12. 0-0-0 Rh8 13. Rxh8 Qxh8 14. Nb5 Nf6 15. dxe5 dxe5 16. Nxc7 Rb8 17. f3 Nc6 18. Nc3 Qg8 19. N3d5 Be6 20. Bc4 Rd8 21. Qc3 Nd4 22. Qb4 Bxd5 23. Nxd5 Qf7 24. Rxd4 exd4 25. Nxf4 1-0

[Event "Monastir Slama Memorial op"]
[Site "Monastir"]
[Date "2013.09.12"]
[Round "5"]
[White "Drasko, Milan"]
[Black "Wolf, Walter"]
[Result "0-1"]
[WhiteElo "2464"]
[BlackElo "2226"]
[PlyCount "84"]
[EventDate "2013.09.09"]
[EventType "swiss"]
[EventRounds "9"]
[EventCountry "TUN"]
[SourceTitle "CBM 156 Extra"]
[Source "ChessBase"]
[SourceDate "2013.10.22"]
[SourceVersion "1"]
[SourceVersionDate "2013.10.22"]
[SourceQuality "1"]

1. Nf3 g6 2. g3 Bg7 3. d4 d6 4. Bg2 Nd7 5. 0-0 e5 6. c4 exd4 7. Nxd4 Ne7 8. Nc3 0-0 9. e4 Ne5 10. b3 Bd7 11. h3 a6 12. Be3 Qc8 13. Kh2 Rb8 14. f4 N5c6 15. Rc1 f5 16. c5 dxc5 17. Nxc6 Bxc6 18. Bxc5 Re8 19. Nd5 Nxd5 20. exd5 Bb5 21. Rf2 Qd8 22. Rfc2 b6 23. Bf2 Re7 24. a4 Be8 25. Qd3 a5 26. g4 Qd6 27. gxf5 Bh6 28. Bg3 gxf5 29. Qxf5 Bd7 30. Qd3 Rbe8 31. Rc6 Qa3 32. Rxc7 Re3 33. Qc4 Rxb3 34. Bh4 Rb4 35. Qc2 Bxf4+ 36. Kh1 Bxc7 37. Qxc7 Rxh4 38. Rg1 Qe7 39. d6 Qe5 40. Qxd7 Kh8 41. Qc7 Rg8 42. Rd1 Qg3 0-1